Volokonnaja optika i priborostrojenije

Gespeichert in:
Bibliographische Detailangaben
Format: Buch
Veröffentlicht: Leningrad : Mašinostrojenije, 1987
Tags: Tag hinzufügen
Keine Tags, Fügen Sie das erste Tag hinzu!

MARC

LEADER 00000nam a22000003a 4500
001 stu14275
005 20141122085839.2
008 ------s1987----xxr---------------------d
040 |a STU  |b slo 
041 0
044 |a xxr 
080 |a 681.7.068 
245 |a Volokonnaja optika i priborostrojenije 
260 |a Leningrad :  |b Mašinostrojenije,  |c 1987 
300 |a 327 s :  |b Tab.,grafy,lit 
996 |b C81419  |c C*81419  |l CCVIIIB  |s P  |a 0  |w stu14275_0001 
996 |b C83139  |c C*83139  |l CCVIIIB  |s P  |a 0  |w stu14275_0002